000 00925cam a2200349 4500
008 090401t1994 xxu||||| |||| 00| 0 eng d
020 _a085406656X
035 _a(Sirsi) u60859
041 _aeng
050 _a711.1
090 _aRICS 1994/81ABCD
100 _aGoodchild, Barry
245 _aImpact fees for planning.
260 _aLondon
_bRICS
_c1994
300 _aiii,132p. ; 30cm.
350 _a9.95
650 _aDEVELOPERS CONTRIBUTIONS
650 _aFRANCE
650 _aIMPACT FEES
650 _aINFRASTRUCTURE CHARGES
650 _aPLANNING AGREEMENTS
650 _aPLANNING FEES
650 _aPLANNING OBLIGATIONS
650 _aPROPERTY DEVELOPMENT
650 _aPROPERTY MARKET
650 _aUNITED STATES
690 _aPLANNING LAW AND PRACTICE
700 _aHenneberry, John M.
710 _aRoyal Institution of Chartered Surveyors
_94900
942 _n0
948 _c04/03/1997
999 _c94259
_d94259